50 bài dịch Việt-Pháp, Pháp -Việt
Bewaard in:
| Hoofdauteur: | |
|---|---|
| Formaat: | Boek |
| Taal: | Undetermined |
| Gepubliceerd in: |
Đồng Nai
Nxb. Đồng Nai
1993
|
| Onderwerpen: | |
| Tags: |
Voeg label toe
Geen labels, Wees de eerste die dit record labelt!
|
| Thư viện lưu trữ: | Trung tâm Học liệu Trường Đại học Cần Thơ |
|---|
| LEADER | 00551nam a2200181Ia 4500 | ||
|---|---|---|---|
| 001 | CTU_546 | ||
| 008 | 210402s9999 xx 000 0 und d | ||
| 082 | |a 448.076 | ||
| 082 | |b H125 | ||
| 100 | |a Nguyễn Thuần Hậu | ||
| 245 | 0 | |a 50 bài dịch Việt-Pháp, Pháp -Việt | |
| 245 | 0 | |c Nguyễn Thuần Hậu | |
| 260 | |a Đồng Nai | ||
| 260 | |b Nxb. Đồng Nai | ||
| 260 | |c 1993 | ||
| 650 | |a french language - study and teaching | ||
| 904 | |i Minh, 960724 | ||
| 980 | |a Trung tâm Học liệu Trường Đại học Cần Thơ | ||